| 000 | 00520nam a22001937a 4500 | ||
|---|---|---|---|
| 005 | 20260601113839.0 | ||
| 010 | _aENG-148665 | ||
| 020 |
_a9789349042766 _c299.00 |
||
| 035 | _aEN-132197 | ||
| 037 | _bDBAD | ||
| 082 |
_aS _21 |
||
| 100 | _aHemingway, Ernest | ||
| 245 |
_aA Farewell to Arms/ _cErnest Hemingway |
||
| 250 | _a1 | ||
| 260 |
_aChandigarh _bThe Browser _c2026 |
||
| 270 |
_bChandigarh _aSCO 14-15, Sector 8-C _e160009 _mservice@thebrowser.org |
||
| 300 |
_a296p. _c21cm(pb) |
||
| 942 |
_2ddc _cEN _hS _mHEM |
||
| 999 |
_c216423 _d216423 |
||